1497 1126 1060 1536 1007 1396 1238 1363 1770 1527 1857 1531 1103 1387 1498 1750 1242 1691 1786 1007 1317 1159 1344 1832 1035 1635 1311 1529 1141 1937 1495 1634 1563 1039 1551 1143 1451 1423 1824 1909 1613 1752 1710 1338 1197 1491 1962 1429 1450 1874 1516 1869 1318 1762 1546 1002 1214 1083 1035 1776 1697 1925 1392 1182 1823 1843 1072 1305 1003 1533 1738 1709 1289 1877 1214 1557 1920 1569 1835 1152 1808 1996 1707 1271 1367 1260 1340 1056 1761 1955 1586 1886 1992 1817 1207 1483 1965 1896 1778 BCNSPRNW ULIB Ver.6.0+V

เปลี่ยนเป็นภาษาไทย

Change to English
 แสดงรายละเอียดบรรณานุกรม
  กลับหน้าหลัก

Brief Record : Get Marc (ISO 2709) : E-mail record : QR code < ปิดหน้าต่าง
LEADER : 00000nam 2200000uu 4500
001    13399129040
003     ULIB
008    250528s2562||||th 000 0 tha d
020    ^a9786165652834
060    ^aWG140^bอ646T^cล.2
100 0  ^aองค์การ เรืองรัตนอัมพร, ดำรงค์ สุกิจปัญญาโรจน์, ไพศาล บุญศิริคำชัย,บรรณาธิการ
245 0   ^aThe Electrocardiography :^bself study.^nBook II /^cบรรณาธิการ องค์การ เรืองรัตนอัมพร, ดำรงค์ สุกิจปัญญาโรจน์, ไพศาล บุญศิริคำชัย.
250    ^aพิมพ์ครั้งที่ 1.
260    ^aกรุงเทพฯ :^bบริษัท อมรินทร์พริ้นติ้งแอนด์พับลิชชิ่ง จำกัด (มหาชน),^c2562
260    ^aกรุงเทพฯ :^bราชวิทยาลัยจุฬาภรณ์,^c2562.
300    ^a218 หน้า :^bภาพประกอบ.
505 0  ^aส่วนที่ 1 ภาคทฤษฎี -- ECG คืออะไร -- ทบทวนการอ่านคลื่นไฟฟ้าหัวใจ -- ความหมายการอ่านคลื่นไฟฟ้าหัวใจ -- ศัพท์คำย่อ -- ส่วนที่ 2 แบบฝึกหัด -- ส่วนที่ 3 เฉลยแบบฝึกหัด
505 0  ^aส่วนที่ 1. ภาคทฤษฎี -- ECG คืออะไร -- ทบทวนการอ่านคลื่นไฟฟ้าหัวใจ -- ความหมายการอ่านคลื่นไฟฟ้าหัวใจ -- ศัพท์คำย่อ -- ส่วนที่ 2. แบบฝึกหัด -- ECG 151-160 -- ECG 161-170 -- ECG 171-180 -- ECG 181-190 -- ECG 191-200 -- ECG 201-210 -- ECG 211-220 -- ECG 221-320 -- ECG 231-240 -- ECG 241-250 -- ECG 251-260 -- ECG 261-270 -- ECG 271-280 -- ECG 281-290 -- ECG 291-300 -- ส่วนที่ 3. เฉลยแบบฝึกหัด -- ECG 151-160 -- ECG 291-300.
505 2  ^aภาคทฤษฎี -- แบบฝึกหัด
650  2 ^aElectrocardiography.
650  4 ^aการบันทึกคลื่นไฟฟ้าหัวใจ.
650  4 ^aการบันทึกคลื่นไฟฟ้าหัวใจ.
650  7 ^aการบันทึกคลื่นไฟฟ้าหัวใจ
650  7 ^aการวินิจฉัยด้วยไฟฟ้า
650 0   ^aคลื่นไฟฟ้าหัวใจ^xการพยาบาล
700 0  ^aองค์การ เรืองรัตนอัมพร.
700 0  ^aดำรงค์ สุกิจปัญญาโรจน์.
700 0  ^aไพศาล บุญศิริคำชัย.
945    ^p350^l0^i011657
945    ^p350^l0^i011658
945    ^p350^l0^i011659
945    ^p350^l0^i011660
945    ^p350^l0^i011661
999    ^aประนอม เกษจรัล
รายการนี้ยังไม่มีแท็ก
คุณยังไม่ได้ล็อกอิน คุณสามารถมีกิจกรรมร่วมกับเว็บไซต์ได้ แต่ต้องล็อกอินก่อน ::
  ล็อกอิน

รายการสื่อสารสนเทศ

ลำดับที่ ประเภท เลขเรียก/บาร์โค้ด สถานที่ สถานะ
1. วิทยาศาสตร์การแพทย์ และสุขภาพ
หนังสือสำรอง
สถานะ=หนังสือสำรอง
WG140 อ646T ล.2 ฉ.1 
  Barcode: 011657
ห้องสมุดวิทยาเขตสวรรค์ประชารักษ์
►หนังสือทั่วไป
บนชั้น
2. วิทยาศาสตร์การแพทย์ และสุขภาพ
วิทยาศาสตร์การแพทย์ และสุขภาพ
WG140 อ646T ล.2 ฉ.2 
  Barcode: 011658
ห้องสมุดวิทยาเขตสวรรค์ประชารักษ์
►หนังสือทั่วไป
บนชั้น
3. วิทยาศาสตร์การแพทย์ และสุขภาพ
วิทยาศาสตร์การแพทย์ และสุขภาพ
WG140 อ646T ล.2 ฉ.3 
  Barcode: 011659
ห้องสมุดวิทยาเขตสวรรค์ประชารักษ์
►หนังสือทั่วไป
บนชั้น
4. วิทยาศาสตร์การแพทย์ และสุขภาพ
วิทยาศาสตร์การแพทย์ และสุขภาพ
WG140 อ646T ล.2 ฉ.4 
  Barcode: 011660
ห้องสมุดวิทยาเขตสวรรค์ประชารักษ์
►หนังสือทั่วไป
บนชั้น
5. วิทยาศาสตร์การแพทย์ และสุขภาพ
วิทยาศาสตร์การแพทย์ และสุขภาพ
WG140 อ646T ล.2 ฉ.5 
  Barcode: 011661
ห้องสมุดวิทยาเขตสวรรค์ประชารักษ์
►หนังสือทั่วไป
บนชั้น

รายการใกล้เคียง
    หัวเรื่อง [การบันทึกคลื่นไฟฟ้าหัวใจ]
    หัวเรื่อง [การวินิจฉัยด้วยไฟฟ้า]

BibComment


ยังไม่เคยถูกคอมเมนท์

คอมเมนท์ทรัพยากรรายการนี้
  คอมเมนท์: The Electrocard..


 Copyright 2026. Bcnsprnw @Library